00410nam a22001577a 450000500170000000800410001702000260005804000090008404100120009308200150010510000230012024500330014326000450017630000080022165000230022920260423133309.0260423b |||||||| |||| 00| 0 eng d a9789381714508c695.00 aMAIN aEnglish a620.5bANA a Anand, Rishabh E. aEssentials Of Nanotechnology aNew Delhi bMedTech Science Press c2014 a237 aCommerce (PM USHA)